00554nam a2200205 a 4500001001300000003000900013005001700022008004100039020001000080082001900090245003400109260005200143300000900195500003500204505001300239650001800252650002300270710003800293710001700331nice12345678IN_TiNIC20260116011622.0050524s1837 lona grp 000 0 per  ac10000a225.59155bBRI aPaiman-E-Tazab New Testament aLondonbBritish and Foreign Bible Societyc1837 a627p aincludes index and biblioraphy2 aAppendix aBible-Persian aBible N.T. Persian2 aBritish and Foreign Bible Society2 aHenry Martyn